000 01634cam a2200373I 4500
999 _c4790
_d4790
001 5327758
003 OCoLC
005 20190121093603.0
008 790830s1929 nyu d 000 0 grc
010 _a34013002
035 _a(OCoLC)5327758
040 _aDLC
_beng
_cJNA
_dOCL
_dPBE
_dOCL
_dOCLCQ
_dOCLCG
_dSTF
_dVA@
_dOCLCQ
_dOCLCO
_dOCLCF
_dOCLCO
_dOXB
050 4 _aBS1965
_b1929
082 0 4 _aREF 225.48
_bW524N
130 0 _aBible.
_pNew Testament.
_lGreek.
_f1929.
245 1 4 _aThe New Testament in the original Greek;
_cthe text revised by Brooke Foss Westcott, D.D. and Fenton John Anthony Hort, D.D.
260 _aNew York
_bMacmillan Co.,
_c1928.
300 _a2 preliminary leaves, [3]-618, [214] pages
_c23 cm
336 _atext
_btxt
_2rdacontent
337 _aunmediated
_bn
_2rdamedia
338 _avolume
_bnc
_2rdacarrier
500 _a"Reproduced from ... the second and corrected impression of the larger edition of the text, issued in December 1881"--P. [541].
500 _aOn cover: Student's edition with lexicon.
501 _aWith this is bound "Greek-English lexicon to the New Testament ... by W.J. Hickie" (New York, 1932).
630 0 0 _aBible.
_pNew Testament.
_lGreek.
_f1929.
650 0 _aGreek language, Biblical
_vDictionaries
_xEnglish.
655 7 _aDictionaries.
_2fast
_0(OCoLC)fst01423826.
700 1 _aWestcott, Brooke Foss,
_d1825-1901.
700 1 _aHort, Fenton John Anthony,
_d1828-1892.
700 1 _aHickie, W. J.
_tGreek-English lexicon to the New Testament.
730 0 _aBible.
_pNew Testament.
_lGreek.
_f1929.
740 0 _aGreek-English lexicon to the New Testament.
942 _2ddc
_cREF